000 00710cam a2200193 a 4500
001 000001388
005 20200929145549.0
008 790206s1971 ve b 001 0 spa
040 _aDO-SdBNP
_cDLC
_dDLC
082 _a255
_bR456a
100 1 _aRey Fajardo, José del
_94651
245 1 0 _aAportes jesuíticos a la filología colonial venezolana /
_cJosé del Rey Fajardo.
260 _aCaracas :
_bUniversidad Católica Andrés Bello. Institutos de Investigaciones Históricas. Seminario de Lenguas Indígenas,
_c1971.
300 _at. ;
_c23 cm.
500 _aLa biblioteca posee el tomo no. 1.
610 1 4 _aJESUISTAS
_zVENEZUELA
_94652
650 4 _aFilología
_94653
910 _aCatalogación por copia / LC
999 _c1311
_d1311